Statistics for Countries with the Most Malaria Deaths

Click here to take the quiz!

General Stats

  • This quiz has been taken 29,671 times
    (10,211 since last reset)
  • The average score is 13 of 20

Answer Stats

DeathsCountry% Correct
82,511D.R. Congo
94%
17,435Niger
93%
199,689Nigeria
91%
7,341India
86%
1,443Indonesia
80%
12,415Chad
78%
25,972Tanzania
77%
15,989Angola
75%
14,841Cameroon
73%
454Pakistan
72%
23,766Mozambique
71%
97Philippines
62%
77Myanmar
60%
15,913Ivory Coast
59%
19,979Burkina Faso
55%
2,962Papua New Guinea
53%
110Afghanistan
46%
203Venezuela
41%
1,979Yemen
37%
97Haiti
29%

Score Distribution

Percentile by Number Answered

Percent of People with Each Score

Your Score History

You have not taken this quiz since the last reset